000 01084am a2200349a 44500
003 AR-BaBNM
005 20251128211014.0
008 020613s1997 Arg|||||||||||000 | esp||
040 _cAR-BaBNM
110 1 _aCorrientes [provincia]
_bMinisterio de Educación
245 1 0 _aDiseño curricular
_bprimer ciclo EGB
260 _aCorrientes
_bMinisterio de Educación
_c1997
300 _a277 p.
504 _aContiene referencias bibliográficas p. 259-277
650 4 _aCURRICULO
650 4 _aENSEÑANZA DE LAS MATEMATICAS
650 4 _aENSEÑANZA DE LAS CIENCIAS SOCIALES
650 4 _aEDUCACION ARTISTICA
650 4 _aEDUCACION FISICA
651 4 _aCorrientes [Provincia]
653 _aPRIMER CICLO DE LA EGB
653 _aDISEÑO CURRICULAR
653 _aCONTENIDOS CURRICULARES
653 _aESTRATEGIAS DIDACTICAS
653 _aORGANIZACION CURRICULAR
653 _aEXPECTATIVAS DE LOGRO
653 _aENSEÑANZA DE LA LENGUA
653 _aENSEÑANZA DE LAS CIENCIAS NATURALES
653 _aEDUCACION TECNOLOGICA
942 _cBK
998 _craquel
999 _c17853
_d17853